| 000 | 00871nam a22002297a 4500 | ||
|---|---|---|---|
| 005 | 20241005095322.0 | ||
| 008 | 220608b ||||| |||| 00| 0 eng d | ||
| 040 | _cAloy | ||
| 041 | _aTulu | ||
| 082 |
_223 _aT894.3 _bKARB |
||
| 100 |
_aKarnataka Tulu Sahitya Akademi _9181490 |
||
| 100 |
_943743 _dಕರ್ನಾಟಕ ತುಳು ಸಾಹಿತ್ಯ ಅಕಾಡೆಮಿ |
||
| 245 |
_aBannal _bಬನ್ನಾಲ್ |
||
| 260 |
_aMangaluru: _bKarnataka Tulu Sahitya Akademi, _c1998 |
||
| 300 |
_a24p. _bPB _c24x18cm. |
||
| 365 | _2Tulu | ||
| 440 |
_aTULU SHORT STORIES FOR CHILDREN ಜೋಕ್ಲೆಗಾದ್ ತುಳುಕತೆಕುಲು;11 _941197 |
||
| 650 |
_aTulu Fiction _941182 |
||
| 650 |
_aTulu Literature _941183 |
||
| 700 |
_aRODRIGUES (Catherine): ರಾಡ್ರಿಗಸ್ (ಕ್ಯಾಥರಿನ್) _941186 |
||
| 942 |
_2ddc _cGF |
||
| 999 |
_c223355 _d223355 |
||